Termoelektrické vlastnosti amorfných polovodičov : Záverečná výskumná správa fakultnej výskumnej úlohy El-F-75-3

Gespeichert in:
Bibliographische Detailangaben
Hauptverfasser: Formánek, Bedrich, 1933- (Verfasst von), Mikloš, Pavel (Verfasst von)
Format: Buch
Sprache:Tschechisch
Veröffentlicht: Bratislava : SVŠT v Bratislave EF, 1975
Tags: Tag hinzufügen
Keine Tags, Fügen Sie das erste Tag hinzu!

MARC

LEADER 00000nam a22000003a 4500
001 stu237026
005 20160826132035.3
008 111024s1964------------------------cze-d
040 |a STU  |b slo 
041 0 |a cze 
080 |a 621.362.1 
100 1 |a Formánek, Bedrich,  |d 1933-  |4 aut  |u E900  |T FEI Dekanát  |X 3592  |U E900  |Y E900  |7 A000003592 
245 1 |a Termoelektrické vlastnosti amorfných polovodičov :  |b Záverečná výskumná správa fakultnej výskumnej úlohy El-F-75-3 
260 |a Bratislava :  |b SVŠT v Bratislave EF,  |c 1975 
300 |a 41 s 
700 1 |a Mikloš, Pavel  |4 aut 
996 |b EVYSK-S-294  |c E*VYSK-S-294  |l E  |s P  |a 0  |w stu237026_0001